বাংলদেশে বঙ্গবন্ধু চর্চা / (Record no. 7314)
[ view plain ]
| 000 -LEADER | |
|---|---|
| fixed length control field | 00818nam a2200241 a 4500 |
| 001 - CONTROL NUMBER | |
| JCCL Control Number | 7314 |
| 003 - CONTROL NUMBER IDENTIFIER | |
| JCCL marc code | BD-JhCC |
| 005 - DATE AND TIME OF LATEST TRANSACTION | |
| control field | 20180207191938.0 |
| 008 - FIXED-LENGTH DATA ELEMENTS--GENERAL INFORMATION | |
| fixed length control field | 180207s1998 bg |||| |||| 001 0 ben d |
| 020 ## - INTERNATIONAL STANDARD BOOK NUMBER | |
| International Standard Book Number | 9844014492 |
| 035 ## - SYSTEM CONTROL NUMBER | |
| system control number | (BD-JhCC)7314 |
| 040 ## - CATALOGING SOURCE | |
| Original cataloging agency | BD-JhCC |
| Modifying agency | BD-JhCC |
| 041 ## - LANGUAGE CODE | |
| Language code of Book | ben |
| 082 ## - DEWEY DECIMAL CLASSIFICATION NUMBER | |
| Classification number | 923 |
| Author mark and Year | HOS 1998 |
| 100 ## - MAIN ENTRY--PERSONAL NAME | |
| Personal name | হোসেন, আবু মোহাম্মদ দেলোয়ার |
| 245 ## - TITLE STATEMENT | |
| Title | বাংলদেশে বঙ্গবন্ধু চর্চা / |
| Remainder of title | আবু মোহাম্মদ দেলোয়ার হোসেন |
| 260 ## - PUBLICATION, DISTRIBUTION, ETC. (IMPRINT) | |
| Place of publication, distribution, etc | ঢাকা : |
| Name of publisher, distributor, etc | আগামী প্রকাশনী, |
| Date of publication, distribution, etc | 1998. |
| 300 ## - PHYSICAL DESCRIPTION | |
| Pagination | 68 p. : |
| Dimensions | 18 cm. |
| 504 ## - BIBLIOGRAPHY, ETC. NOTE | |
| Bibliography, etc | Includes Index and bibliography |
| 650 ## - SUBJECT ADDED ENTRY--TOPICAL TERM | |
| Topical term or geographic name as entry element | Biograpphy |
| General subdivision | politicions |
| 942 ## - ADDED ENTRY ELEMENTS (KOHA) | |
| Source of classification or shelving scheme | Library of Congress Classification |
| Koha item type | Books |
| Source of classification or shelving scheme | Damaged status | Not for loan | Home library | Current library | Shelving location | Cost, normal purchase price | Total Checkouts | Full call number | Barcode | Date last seen | Copy number | Koha item type |
|---|---|---|---|---|---|---|---|---|---|---|---|---|
| Dewey Decimal Classification | JCC Rouf Library | JCC Rouf Library | General Stacks | 100.00 | 923 HOS 1998 | 9805 | 02/07/2018 | C-1 | Books |